000 00653nam a22001697a 4500
003 OSt
005 20171010095439.0
008 120607t xxu||||| |||| 00| 0 eng d
040 _aMMSU
_cULS
100 _aMeude, Myla B., Alonzo, Nathaniel L.
_910091
245 _aA Web-based management information system for the alumni relations office of the Mariano Marcos State University
_cMyla B. Meude, Nathaniel L. Alonzo
260 _c2007
300 _ax, 108 leaves
_c28 cm.
500 _aThesis (BS Computer Science) -- Mariano Marcos State University-College of Arts and Sciences, Batac City
504 _aBibliography: leaf 53
942 _2ddc
_cTHEDIS
999 _c9538
_d9538